| 000 | 01138nac a22003377a 4500 | ||
|---|---|---|---|
| 001 | BR0700501 | ||
| 003 | BR-BrBNA | ||
| 005 | 20240105123347.0 | ||
| 008 | 230509b bl.|||m| |||| 00| 0 por d | ||
| 040 |
_aBR-BrBNA _bpor _cBiblioteca Nacional de Agricultura |
||
| 072 | _aP40; F40 | ||
| 090 | _a2322 BR0700501 | ||
| 100 | 1 | _aPimentel, F.A. | |
| 100 | 1 | _aPereira, J.B.M. | |
| 100 | 1 | _aOliveira, M.N. de | |
| 110 | 1 | _aCentro de Pesquisa Agroflorestal do Acre, Rio Branco (Brasil) | |
| 245 | 1 | _aZoneamento e caracterização de habitats naturais de pimenta longa (Piper hispidinervum)no Acre | |
| 260 | 3 |
_aRio Branco, AC (Brasil): _c1998. |
|
| 300 | _a17 p. | ||
| 490 |
_aBoletim de Pesquisa - Centro de Pesquisa Agroflorestal do Acre (Brazil) _vno. 20 _xISSN 0101-5516 |
||
| 500 | _aSummaries (En, Pt); 6 illus. | ||
| 650 | _aPIMENTA LONGA | ||
| 650 | _aVARIAÇÃO GENÉTICA | ||
| 650 | _aMELHORAMENTO GENÉTICO VEGETAL | ||
| 650 | _aRECURSO NATURAL | ||
| 650 | _aZONEAMENTO CLIMÁTICO | ||
| 650 | _aECOLOGIA VEGETAL | ||
| 650 | _aACRE | ||
| 909 |
_a202312 _bLúcia Elande _c55 _dLúcia Elande |
||
| 942 |
_2AGRIS _n0 _cMS |
||
| 999 |
_c295115 _d295115 |
||